Statistiken für Die 10 häufigsten Warum-Fragen an Google (Teil 2)

Klicken Sie hier um das Quiz zu spielen!

Allgemein

  • Dieses Quiz wurde 498 mal gespielt
  • Das Durchschnittsergebnis liegt bei 7 aus 10

Antwortstatistiken

Frage% Korrekt
Warum haben Zebras S{treifen}?
99%
Warum haben die U{kraine} und Russland Streit?
97%
Warum haben die Geissens so viel G{eld}?
94%
Warum haben G{iraffen} blaue Zungen?
76%
Warum haben V{ögel} keine Zähne?
67%
Warum haben die Menschen früher im Sitzen g{eschlafen}?
66%
Warum haben Sie sich bei uns b{eworben}?
66%
Warum haben Katzen Angst vor G{urken}?
50%
Warum haben Männer B{rustwarzen}?
32%
Warum haben Neugeborene Schl{uckauf}?
17%

Verteilung der Resultate

Perzentil nach korrekt beantworteten Fragen

Anzahl Personen mit jedem Resultat

Ihre Resultats-Entwicklung

Sie haben dieses Quiz noch nicht gespielt